[Event "Europe Echecs Blitz Sept op"]
[Site "Europe Echecs INT"]
[Date "2021.09.19"]
[Round "3"]
[White "Maisuradze, Nino"]
[Black "Ouaki, Mark"]
[Result "1-0"]
[WhiteElo "2222"]
[BlackElo "1973"]
[PlyCount "76"]
[EventDate "2021.09.19"]
[EventType "swiss (blitz)"]
[EventRounds "11"]
[EventCountry "FRA"]
[SourceTitle "CBM 204 Extra"]
[Source "ChessBase"]
[SourceDate "2021.11.30"]
[SourceVersion "1"]
[SourceVersionDate "2021.11.30"]
[SourceQuality "1"]

1. Nf3 Nf6 2. g3 d5 3. Bg2 c6 4. d3 g6 5. 0-0 Bg7 6. Nbd2 0-0 7. h3 Nbd7 8. e4 b6 9. e5 Ne8 10. Re1 e6 11. Nf1 c5 12. Bg5 f6 13. exf6 Bxf6 14. Bh6 Bg7 15. Qd2 e5 16. Bxg7 Nxg7 17. Nxe5 Nxe5 18. Rxe5 Bb7 19. Rae1 Qd6 20. c4 Rad8 21. h4 Bc6 22. Bxd5+ Bxd5 23. Rxd5 Qf6 24. Ne3 Qf3 25. Rxd8 Rxd8 26. Nd5 Nf5 27. Qe2 Nd4 28. Ne7+ Kf7 29. Qe5 Qxd3 30. Qf4+ Kg7 31. Kg2 Rf8 32. Qe5+ Kf7 33. Re3 Qxc4 34. Nd5 Kg8 35. Nf6+ Rxf6 36. Qxf6 Qf7 37. Qd8+ Kg7 38. Re7 Nf3 1-0

[Event "Europe Echecs Blitz Sept op"]
[Site "Europe Echecs INT"]
[Date "2021.09.19"]
[Round "8"]
[White "Salmon, Vivien"]
[Black "Ouaki, Mark"]
[Result "0-1"]
[WhiteElo "1782"]
[BlackElo "1973"]
[PlyCount "78"]
[EventDate "2021.09.19"]
[EventType "swiss (blitz)"]
[EventRounds "11"]
[EventCountry "FRA"]
[SourceTitle "CBM 204 Extra"]
[Source "ChessBase"]
[SourceDate "2021.11.30"]
[SourceVersion "1"]
[SourceVersionDate "2021.11.30"]
[SourceQuality "1"]

1. e4 e5 2. Nf3 Nc6 3. d4 exd4 4. Nxd4 Bc5 5. Be3 Qf6 6. c3 Nge7 7. g3 d6 8. Bg2 0-0 9. 0-0 Bb6 10. Na3 Be6 11. f4 Nxd4 12. cxd4 Nc6 13. Nc2 Bc4 14. Rf2 Rae8 15. b3 Ba6 16. Qd2 Qe7 17. a4 Na5 18. Qc3 c5 19. Rd1 Rc8 20. dxc5 Bxc5 21. Qxa5 Qe6 22. b4 Bxe3 23. Nxe3 Qb3 24. Re1 Bd3 25. b5 Bc2 26. Qd2 Qxa4 27. Rc1 Bb3 28. Rff1 Qxb5 29. Rxc8 Rxc8 30. Rc1 Rxc1+ 31. Qxc1 Be6 32. f5 Bd7 33. f6 Qc6 34. e5 Qxc1+ 35. Kf2 dxe5 36. Nd5 Qd2+ 37. Kf1 Bb5+ 38. Kg1 Qe1+ 39. Bf1 Qxf1# 0-1

[Event "EU-ch Amateur Online Final 2000/2300"]
[Site "Tornelo INT"]
[Date "2021.04.28"]
[Round "4"]
[White "Ouaki, Mark"]
[Black "Makridis, Dimitrios"]
[Result "0-1"]
[WhiteElo "2081"]
[BlackElo "2226"]
[PlyCount "122"]
[EventDate "2021.04.28"]
[EventType "swiss (rapid)"]
[EventRounds "9"]
[EventCountry "NET"]
[SourceTitle "EXT 2023"]
[Source "ChessBase"]
[SourceDate "2022.10.05"]
[SourceVersion "1"]
[SourceVersionDate "2022.10.05"]
[SourceQuality "1"]

1. e4 c5 2. Nf3 Nf6 3. Nc3 d5 4. Bb5+ Bd7 5. Bxd7+ Qxd7 6. exd5 Nxd5 7. 0-0 Nc6 8. d3 e6 9. Re1 Be7 10. Bg5 Nxc3 11. bxc3 Bxg5 12. Nxg5 0-0 13. Re3 h6 14. Ne4 b6 15. Qh5 Qe7 16. Rae1 Rad8 17. Rg3 Kh8 18. Nd2 Rd5 19. Qf3 Rfd8 20. Qf4 Rf5 21. Qxf5 exf5 22. Rxe7 Nxe7 23. Nc4 Kg8 24. Re3 Nd5 25. Re5 Nxc3 26. Rxf5 Nxa2 27. Re5 Nb4 28. Re2 Nc6 29. f4 b5 30. Ne5 Nd4 31. Rf2 a5 32. c3 Nb3 33. h3 a4 34. Nc6 Ra8 35. c4 a3 36. Ra2 bxc4 37. dxc4 Nc1 38. Ra1 a2 39. Ne7+ Kf8 40. Nd5 Nb3 41. Re1 a1Q 42. Rxa1 Rxa1+ 43. Kf2 g5 44. fxg5 hxg5 45. Kf3 Nd4+ 46. Kg4 Ra2 47. g3 Rc2 48. Ne3 Rc3 49. Nd5 Rxc4 50. Kxg5 Ne6+ 51. Kf6 Rd4 52. Nb6 c4 53. Na4 Rd3 54. h4 Rxg3 55. h5 c3 56. h6 c2 57. h7 Rh3 58. Nb6 c1Q 59. Nd7+ Ke8 60. h8Q+ Rxh8 61. Ne5 Qf4# 0-1

[Event "Cappelle Online Bullet op"]
[Site "Europe Echecs INT"]
[Date "2021.03.05"]
[Round "15"]
[White "Dardha, Arben"]
[Black "Ouaki, Mark"]
[Result "1-0"]
[WhiteElo "2227"]
[BlackElo "2081"]
[PlyCount "59"]
[EventDate "2021.03.05"]
[EventType "swiss (blitz)"]
[EventRounds "15"]
[EventCountry "FRA"]
[SourceTitle "EXT 2022"]
[Source "ChessBase"]
[SourceDate "2021.10.06"]
[SourceVersion "1"]
[SourceVersionDate "2021.10.06"]
[SourceQuality "1"]

1. e4 e5 2. d4 Nc6 3. dxe5 Nxe5 4. Qd4 Nc6 5. Qe3 d6 6. Nc3 Nf6 7. Bd2 Be7 8. 0-0-0 Be6 9. f4 Ng4 10. Qe1 f5 11. h3 Nf6 12. exf5 Bxf5 13. g4 Bd7 14. g5 Nh5 15. Be2 g6 16. Bxh5 gxh5 17. Qh4 0-0 18. Qxh5 Qe8 19. Qh4 Bf5 20. Nge2 Bd8 21. Ng3 Qg6 22. Nxf5 Qxf5 23. Rde1 Nd4 24. Ne4 Nf3 25. Qh6 Nxe1 26. Rxe1 d5 27. Bc3 Rf7 28. Nd6 cxd6 29. Re8+ Rf8 30. Qg7# 1-0

[Event "Cappelle Online Bullet op"]
[Site "Europe Echecs INT"]
[Date "2021.03.05"]
[Round "8"]
[White "Ouaki, Mark"]
[Black "Saya, Ethan"]
[Result "0-1"]
[WhiteElo "2081"]
[BlackElo "2230"]
[PlyCount "142"]
[EventDate "2021.03.05"]
[EventType "swiss (blitz)"]
[EventRounds "15"]
[EventCountry "FRA"]
[SourceTitle "EXT 2022"]
[Source "ChessBase"]
[SourceDate "2021.10.06"]
[SourceVersion "1"]
[SourceVersionDate "2021.10.06"]
[SourceQuality "1"]

1. e4 d5 2. Nf3 dxe4 3. Ng5 Bf5 4. Nc3 Nf6 5. Qe2 Nc6 6. Ngxe4 Nxe4 7. Nxe4 Nd4 8. Qd3 e6 9. c3 Nc6 10. Qxd8+ Rxd8 11. Ng3 Bg6 12. d4 e5 13. Be3 exd4 14. cxd4 Nxd4 15. Bxd4 Rxd4 16. Rd1 Bb4+ 17. Ke2 Rxd1 18. Kxd1 0-0 19. a3 Rd8+ 20. Kc1 Bd2+ 21. Kd1 Bf4+ 22. Ke2 Rd2+ 23. Kf3 Bxg3 24. hxg3 Rxb2 25. Bc4 Kf8 26. Rd1 Ke7 27. a4 Rb4 28. Bb5 c6 29. Bf1 Rxa4 30. g4 Ra3+ 31. Kf4 Ra4+ 32. Kg3 Re4 33. f3 Re6 34. Bc4 Rd6 35. Re1+ Kd8 36. f4 Rd4 37. Bb3 Rd3+ 38. Kh4 Rxb3 39. f5 Bxf5 40. gxf5 a5 41. g4 a4 42. g5 a3 43. Ra1 b5 44. Kh5 b4 45. f6 gxf6 46. gxf6 Rf3 47. Kh6 Rxf6+ 48. Kg7 Rf2 49. Kxh7 c5 50. Rd1+ Kc7 51. Re1 Kc6 52. Re7 Rf6 53. Re8 Rd6 54. Rc8+ Kd5 55. Rf8 a2 56. Rxf7 a1Q 57. Rf5+ Kc6 58. Rg5 Rd5 59. Rg7 Rd6 60. Rg6 Rxg6 61. Kxg6 Kb5 62. Kf7 c4 63. Kg8 c3 64. Kf7 c2 65. Ke8 c1Q 66. Kf7 Qab2 67. Kg8 Qbd2 68. Kh7 Qce1 69. Kh8 Qdf2 70. Kh7 Qeg1 71. Kh8 Qfh2# 0-1

[Event "Prague Summer op 7th"]
[Site "Prague"]
[Date "2020.08.08"]
[Round "1"]
[White "Ouaki, Mark"]
[Black "Daeschler, Florian"]
[Result "1-0"]
[WhiteElo "2004"]
[BlackElo "2322"]
[PlyCount "69"]
[EventDate "2020.08.08"]
[EventType "swiss"]
[EventRounds "9"]
[EventCountry "CZE"]
[SourceTitle "CBM 197 Extra"]
[Source "ChessBase"]
[SourceDate "2020.09.30"]
[SourceVersion "1"]
[SourceVersionDate "2020.09.30"]
[SourceQuality "1"]

1. e4 e5 2. Nf3 Nc6 3. Bb5 a6 4. Ba4 Nf6 5. d3 d6 6. c3 g6 7. 0-0 Bg7 8. Re1 0-0 9. d4 exd4 10. Bxc6 bxc6 11. cxd4 Re8 12. Nc3 Rb8 13. h3 Bb7 14. Qc2 d5 15. e5 Ne4 16. Na4 f6 17. Bf4 fxe5 18. Bxe5 Rf8 19. Bxg7 Kxg7 20. Nc5 Bc8 21. Nxe4 Bf5 22. Nc5 Bxc2 23. Ne6+ Kg8 24. Nxd8 Rfxd8 25. b3 Re8 26. Rac1 Rxe1+ 27. Rxe1 Be4 28. Ne5 c5 29. dxc5 Rb5 30. f3 Bc2 31. Rc1 Rxc5 32. Nd3 Rc3 33. Ne1 d4 34. Rxc2 d3 35. Rd2 1-0